|
|
|
|
| LEADER |
00764nab a2200217 i 4500 |
| 001 |
acta12452 |
| 005 |
20220610142435.0 |
| 008 |
161015s1989 hu o 0|| rus d |
| 022 |
|
|
|a 0324-721X
|
| 040 |
|
|
|a SZTE Egyetemi Kiadványok Repozitórium
|b hun
|
| 041 |
|
|
|a rus
|
| 100 |
1 |
|
|a Demetrovics János
|
| 245 |
1 |
0 |
|a O stroenii klona burle na trehèlementnom množestve
|h [elektronikus dokumentum] /
|c Demetrovics János
|
| 260 |
|
|
|c 1989
|
| 300 |
|
|
|a 1-25
|
| 490 |
0 |
|
|a Acta cybernetica
|v 9 No. 1
|
| 650 |
|
4 |
|a Természettudományok
|
| 650 |
|
4 |
|a Számítás- és információtudomány
|
| 695 |
|
|
|a Számítástechnika, Kibernetika
|
| 700 |
0 |
1 |
|a Mal'cev I. A.
|e aut
|
| 856 |
4 |
0 |
|u http://acta.bibl.u-szeged.hu/12452/1/cybernetica_009_numb_001_001-025.pdf
|z Dokumentum-elérés
|